WWE - les 30 participants au royal rumble masculin 2025 - Statistiques

Statistiques générales
  • Ce quiz a été pris 1 082 fois
  • Le résultat moyen est 21 sur 30
Statistiques - réponses
Hint Réponse % Correct
23 John Cena
96%
16 Roman Reigns
95%
20 Jey Uso
94%
24 CM Punk
91%
25 Seth Rollins
91%
1 Rey Mysterio
88%
10 Jimmy Uso
85%
30 Logan Paul
83%
2 Penta
81%
7 Bron Breakker
79%
26 Dominik Mysterio
74%
17 Drew McIntyre
74%
28 Damian Priest
72%
18 Finn Balor
72%
8 IShowSpeed
72%
14 The Miz
70%
12 Jacob Fatu
66%
6 Otis
65%
21 AJ Styles
62%
3 Chad Gable
62%
27 Sami Zayn
61%
29 LA Knight
60%
4 Carmelo Hayes
57%
15 Joe Hendry
53%
9 Sheamus
53%
22 Braun Strowman
50%
11 Andrade
49%
19 Shinsuke Nakamura
45%
13 Ludwig Kaiser
39%
5 Santos Escobar
35%
Aucun quiz correspondant
Distribution des résultats
% des personnes avec chaque résultat
Percentile par nombre de réponses
Votre historique - résultats
Vous n’avez pas pris ce quiz